| 000 | 02157nam0a2200421 4500 | ||
|---|---|---|---|
| 001 | RU\NLR\bibl\1829337 | ||
| 005 | 20250616163833.0 | ||
| 010 |
_a978-5-8114-0504-6 _91000 |
||
| 021 |
_aRU _b2011-79645 _95674 |
||
| 035 | _a(nilc)RSL-KNO-005038654 | ||
| 035 | _a(NLR Aleph) 001819849 | ||
| 090 |
_a1990161 _c1990161 |
||
| 100 | _a20111017d2011 |||y0rusy50 ca | ||
| 101 | 0 | _arus | |
| 102 | _aRU | ||
| 105 | _aa ||||||||| | ||
| 200 | 1 |
_aЭкономика энергетического производства _eучебное пособие для студентов высших учебных заведений, обучающихся по специальности "Экономика и управление на предприятии электроэнергетики" _fС. В. Можаева |
|
| 205 | _aИзд. 6-е, доп. и перераб. | ||
| 210 |
_aСанкт-Петербург [и др.] _cЛань _d2011 |
||
| 215 |
_a267 с. _cил., табл. _d21 |
||
| 225 | 1 |
_aУчебники для вузов _iСпециальная литература |
|
| 320 | _aБиблиогр.: с. 254-258 (71 назв.) | ||
| 325 | _aКопия доступна в Электрон. б-ке РНБ http://vivaldi.nlr.ru/bx000033333/view | ||
| 606 | 1 |
_aЭнергетическая промышленность _jУчебные издания для высших учебных заведений _xЭкономика _92012718 _3RU\NLR\auth\661210665 |
|
| 686 |
_aУ9(2)305.71я73-1 _2rubbk |
||
| 686 | _aУ30(0)57я73 | ||
| 700 | 1 |
_aМожаева _bС. В. _gСалима Валиевна _4070 |
|
| 801 | 0 |
_aRU _bRuMoRKP _c20111017 _grcr |
|
| 801 | 1 |
_aRU _bРГБ _c20111017 |
|
| 801 | 2 |
_aRU _bNLR _c20111107 _grcr |
|
| 942 | _cBOOK | ||
| 980 | _aNB | ||
| 980 | _aNBR | ||
| 981 | 1 | 3 |
_a(13) Документы, защищенные авторским правом _b(13) Современная научная, научно-популярная и популярная литература |